<?xml version="1.0" encoding="UTF-8"?>
<record
    xmlns:xsi="http://www.w3.org/2001/XMLSchema-instance"
    xsi:schemaLocation="http://www.loc.gov/MARC21/slim http://www.loc.gov/standards/marcxml/schema/MARC21slim.xsd"
    xmlns="http://www.loc.gov/MARC21/slim">

  <leader>04959cam a22004454i 4500</leader>
  <controlfield tag="003">PE-LiUPU</controlfield>
  <controlfield tag="005">20250731173401.0</controlfield>
  <controlfield tag="008">150706s2009    miu     rb    000 0 spa d</controlfield>
  <datafield tag="020" ind1=" " ind2=" ">
    <subfield code="a">9780825411984</subfield>
  </datafield>
  <datafield tag="035" ind1=" " ind2=" ">
    <subfield code="a">(Sirsi) i9780825411984</subfield>
  </datafield>
  <datafield tag="040" ind1=" " ind2=" ">
    <subfield code="a">PE-LiUPU</subfield>
    <subfield code="b">spa</subfield>
    <subfield code="c">PE-LiUPU</subfield>
    <subfield code="e">rda</subfield>
  </datafield>
  <datafield tag="049" ind1=" " ind2=" ">
    <subfield code="a">PRUA</subfield>
  </datafield>
  <datafield tag="082" ind1="0" ind2="4">
    <subfield code="a">239</subfield>
    <subfield code="b">C187r</subfield>
    <subfield code="2">23</subfield>
  </datafield>
  <datafield tag="100" ind1="1" ind2=" ">
    <subfield code="a">Campbell, Charlie H.,</subfield>
    <subfield code="e">autor.</subfield>
  </datafield>
  <datafield tag="245" ind1="1" ind2="0">
    <subfield code="a">Respuestas a preguntas que hacen los esc&#xE9;pticos /</subfield>
    <subfield code="c">Charlie H. Campbell.</subfield>
  </datafield>
  <datafield tag="264" ind1=" " ind2="1">
    <subfield code="a">Grand Rapids, Michigan :</subfield>
    <subfield code="b">Editorial Portavoz,</subfield>
    <subfield code="c">2009.</subfield>
  </datafield>
  <datafield tag="300" ind1=" " ind2=" ">
    <subfield code="a">125 p&#xE1;ginas ;</subfield>
    <subfield code="c">22 cent&#xED;metros.</subfield>
  </datafield>
  <datafield tag="336" ind1=" " ind2=" ">
    <subfield code="a">text</subfield>
    <subfield code="2">rdacontent</subfield>
  </datafield>
  <datafield tag="337" ind1=" " ind2=" ">
    <subfield code="a">unmediated</subfield>
    <subfield code="2">rdamedia</subfield>
  </datafield>
  <datafield tag="338" ind1=" " ind2=" ">
    <subfield code="a">volume</subfield>
    <subfield code="2">rdacarrier</subfield>
  </datafield>
  <datafield tag="504" ind1=" " ind2=" ">
    <subfield code="a">Incluye notas bibliogr&#xE1;ficas.</subfield>
  </datafield>
  <datafield tag="505" ind1="0" ind2=" ">
    <subfield code="a">"&#xBF;Qu&#xE9; evidencia tiene usted de que existe Dios?" -- "&#xBF;Qu&#xE9; evidencia tiene usted de que la Biblia es realmente cierta?" -- "&#xBF;No ha cambiado la Biblia al traducirse cientos de veces a lo largo de los siglos?" -- "&#xBF;Qu&#xE9; hay de los que nunca han o&#xED;do de Jes&#xFA;s: &#xBF;sufrir&#xE1;n la condenaci&#xF3;n del infierno?" -- "&#xBF;Si Dios es tan amoroso, &#xBF;por qu&#xE9; permite el mal y el sufrimiento?" -- "&#xBF;C&#xF3;mo podemos saber si Jes&#xFA;s siquiera existi&#xF3;?" -- "&#xBF;C&#xF3;mo puede usted decir que Jes&#xFA;s es el &#xFA;nico camino al cielo?" -- "&#xBF;No fue la deidad de Cristo, un invento de la iglesia durante el siglo IV en el Concilio de Nicea?" -- "&#xBF;No le parece injusto y exclusivista que Dios s&#xF3;lo salve a las personas por medio de Jes&#xFA;s?" -- "&#xBF;C&#xF3;mo puede un Dios de amor mandar a alguien al infierno?" -- "&#xBF;No se han perdido algunos libros de la Biblia?" -- "&#xBF;No existe un conflicto entre el Dios del Antiguo Testamento, que a menudo se presenta como cruel, y el Dios del Nuevo Testamento, que parece tan amoroso?" -- "&#xBF;Por qu&#xE9; rechazan los cristianos los escritos ap&#xF3;crifos que se encuentran en la Biblia cat&#xF3;lica?" -- "&#xBF;No es cierto que la Biblia  contiene un gran n&#xFA;mero de contradicciones?" -- "&#xBF;No fue escrito el Nuevo Testamento, cientos de a&#xF1;os despu&#xE9;s de que Jes&#xFA;s vivi&#xF3;? : &#xBF;No que lo har&#xED;a eso indigno de confianza?" -- "&#xBF;No contiene la Biblia errores cient&#xED;ficos?" -- "&#xBF;C&#xF3;mo sabe usted que el cristianismo es cierto, y no otras religiones como el budismo o el Islam?" -- "&#xBF;Qu&#xE9; hay de los homosexuales? &#xBF;Cree usted que se van al infierno?" -- "&#xBF;C&#xF3;mo sabe usted que Jes&#xFA;s se levant&#xF3; de los muertos?" -- "&#xBF;Qu&#xE9; hay de la evoluci&#xF3;n? &#xBF;no han demostrado las teor&#xED;as de Darwin que Dios no existe?" -- "Si todo requiere de un creador, como los cristianos parecen sugerir, entonces, &#xBF;qui&#xE9;n cre&#xF3; a Dios?" -- "Y bien, si Dios no necesita un creador, (vea la pregunta y respuesta anterior) &#xBF;por qu&#xE9; no podr&#xED;amos decir que el universo tampoco necesita un creador?" -- "&#xBF;Puede Dios hacer una roca tan grande que ni &#xC9;l mismo puede moverla?&#xBF;s&#xED; o no?" -- "&#xBF;C&#xF3;mo (o d&#xF3;nde) consigui&#xF3; Ca&#xED;n a su esposa?" -- "&#xBF;C&#xF3;mo usted puede respaldar una religi&#xF3;n que promover&#xED;a sucesos tales como las cruzadas?" -- "&#xBF;Qu&#xE9; hay del Antiguo Testamento, cuando Dios orden&#xF3; a Josu&#xE9; y la naci&#xF3;n de Israel que recorrieran la tierra de Cana&#xE1;n y destruyeran a todos?&#xBF;C&#xF3;mo se puede creer en un Dios que ordenara algo as&#xED;?" -- "&#xBF;Cree usted que es correcto tratar de imponer sus creencias a otras personas?" -- "&#xBF;De d&#xF3;nde vinieron los dinosaurios?&#xBF;No vivieron los dinosaurios millones de a&#xF1;os antes que el hombre?" -- "&#xBF;Por qu&#xE9; no se mencionan los dinosaurios en la Biblia?" -- "&#xBF;C&#xF3;mo pudieron caber los dinosaurios en el arca de No&#xE9;? : Si los dinosaurios estuvieron en el arca de No&#xE9;, &#xBF;por qu&#xE9; no existen hoy?" -- "&#xBF;C&#xF3;mo pudieron todas las razas con sus diferentes colores de piel, descender de la familia de No&#xE9;?" -- "&#xBF;No ense&#xF1;an todas las religiones b&#xE1;sicamente lo mismo?" -- "&#xBF;No adoran los cristianos al mismo Dios que los musulmanes?" -- "&#xBF;Qu&#xE9; le hace a usted pensar que el Cor&#xE1;n no es de inspiraci&#xF3;n divina?" -- "&#xBF;Qu&#xE9; le hace a usted pensar que el Libro de Morm&#xF3;n no es digno de confianza?" -- "Si el cristianismo es cierto, &#xBF;por qu&#xE9; no pueden las diferentes denominaciones ponerse de acuerdo respecto a lo qu&#xE9; hay que creer?" -- "&#xBF;No hay un mont&#xF3;n de hip&#xF3;critas en la iglesia?" -- "&#xBF;Importa realmente lo que una persona crea mientras esta sea sincera?" -- "&#xBF;C&#xF3;mo podr&#xED;a yo ser feliz en el cielo, sabiendo que mis seres amados est&#xE1;n en el infierno?" -- "&#xBF;Acaso no basta con ser bueno para ir al cielo?".</subfield>
  </datafield>
  <datafield tag="526" ind1=" " ind2=" ">
    <subfield code="a">SEG42</subfield>
  </datafield>
  <datafield tag="526" ind1=" " ind2=" ">
    <subfield code="a">SEG41</subfield>
  </datafield>
  <datafield tag="526" ind1=" " ind2=" ">
    <subfield code="a">SEG40</subfield>
  </datafield>
  <datafield tag="526" ind1=" " ind2=" ">
    <subfield code="a">SEG39</subfield>
  </datafield>
  <datafield tag="526" ind1=" " ind2=" ">
    <subfield code="a">P94</subfield>
  </datafield>
  <datafield tag="526" ind1=" " ind2=" ">
    <subfield code="a">P87</subfield>
  </datafield>
  <datafield tag="526" ind1=" " ind2=" ">
    <subfield code="a">P86</subfield>
  </datafield>
  <datafield tag="526" ind1=" " ind2=" ">
    <subfield code="a">P85</subfield>
  </datafield>
  <datafield tag="526" ind1=" " ind2=" ">
    <subfield code="a">P77</subfield>
  </datafield>
  <datafield tag="526" ind1=" " ind2=" ">
    <subfield code="a">P76</subfield>
  </datafield>
  <datafield tag="526" ind1=" " ind2=" ">
    <subfield code="a">P35</subfield>
  </datafield>
  <datafield tag="650" ind1="1" ind2="4">
    <subfield code="a">Apolog&#xE9;tica</subfield>
    <subfield code="x">Miscel&#xE1;nea.</subfield>
  </datafield>
  <datafield tag="910" ind1=" " ind2=" ">
    <subfield code="a">gl</subfield>
  </datafield>
  <datafield tag="942" ind1=" " ind2=" ">
    <subfield code="2">ddc</subfield>
    <subfield code="c">BK</subfield>
  </datafield>
  <datafield tag="999" ind1=" " ind2=" ">
    <subfield code="c">51740</subfield>
    <subfield code="d">51740</subfield>
  </datafield>
  <datafield tag="980" ind1=" " ind2=" ">
    <subfield code="8">1</subfield>
    <subfield code="g">ALBERTO SANCHEZ Responsable de Automatizaci&#xF3;n</subfield>
  </datafield>
  <datafield tag="952" ind1=" " ind2=" ">
    <subfield code="r">2025-12-03 00:00:00</subfield>
    <subfield code="i">6</subfield>
    <subfield code="l">10</subfield>
    <subfield code="o">239 C187r</subfield>
    <subfield code="p">62645</subfield>
    <subfield code="s">2025-09-03</subfield>
    <subfield code="t">e1</subfield>
    <subfield code="v">18.00</subfield>
    <subfield code="w">2015-07-06</subfield>
    <subfield code="x">FACTEO</subfield>
    <subfield code="y">BK</subfield>
    <subfield code="z">inventario-2023-12-13</subfield>
    <subfield code="1">0</subfield>
    <subfield code="2">ddc</subfield>
    <subfield code="5">0</subfield>
    <subfield code="7">0</subfield>
    <subfield code="8">GEN</subfield>
    <subfield code="f">P35</subfield>
    <subfield code="a">BUL</subfield>
    <subfield code="b">BUL</subfield>
    <subfield code="c">GEN</subfield>
    <subfield code="d">2015-07-06</subfield>
    <subfield code="e">COMPRA</subfield>
    <subfield code="g">13.00</subfield>
  </datafield>
  <datafield tag="952" ind1=" " ind2=" ">
    <subfield code="r">2025-12-03 00:00:00</subfield>
    <subfield code="i">6</subfield>
    <subfield code="l">3</subfield>
    <subfield code="o">239 C187r</subfield>
    <subfield code="p">63298</subfield>
    <subfield code="s">2018-09-12</subfield>
    <subfield code="t">e2</subfield>
    <subfield code="v">17.00</subfield>
    <subfield code="w">2015-07-06</subfield>
    <subfield code="x">FACTEO</subfield>
    <subfield code="y">BK</subfield>
    <subfield code="z">inventario-2023-12-13</subfield>
    <subfield code="1">0</subfield>
    <subfield code="2">ddc</subfield>
    <subfield code="5">0</subfield>
    <subfield code="7">0</subfield>
    <subfield code="8">GEN</subfield>
    <subfield code="f">P35</subfield>
    <subfield code="a">BUL</subfield>
    <subfield code="b">BUL</subfield>
    <subfield code="c">GEN</subfield>
    <subfield code="d">2015-07-06</subfield>
    <subfield code="e">COMPRA</subfield>
    <subfield code="g">12.00</subfield>
  </datafield>
</record>
